मेरा अंतिम आश्रय श्रीमद्भगवद्गीता / (Record no. 62561)

MARC details
000 -LEADER
fixed length control field 01198nam a22002297a 4500
005 - DATE AND TIME OF LATEST TRANSACTION
control field 2012021108358.0
010 ## - LCCN (DPL NO)
LC control number
020 ## - INTERNATIONAL STANDARD BOOK NUMBER
International Standard Book Number
Terms of availability 200.00
035 ## - SYSTEM CONTROL NUMBER
System control number B-66090
037 ## - SOURCE OF ACQUISITION
Source of stock number/acquisition
082 ## - DEWEY DECIMAL CLASSIFICATION NUMBER
Classification number 181.45
100 ## - MAIN ENTRY--PERSONAL NAME
Personal name परमानंद
245 ## - TITLE STATEMENT
Title मेरा अंतिम आश्रय श्रीमद्भगवद्गीता /
Statement of responsibility, etc परमानंद
246 ## - VARYING FORM OF TITLE
Title proper/short title
Remainder of title
260 ## - PUBLICATION, DISTRIBUTION, ETC. (IMPRINT)
Place of publication, distribution, etc नई दिल्ली
Name of publisher, distributor, etc प्रभात प्रकाशन
Date of publication, distribution, etc 2003
270 ## - ADDRESS
Address
City
Postal code
300 ## - PHYSICAL DESCRIPTION
Extent 198पृ.
Dimensions 22सेमी (सजिल्द)
700 ## - ADDED ENTRY--PERSONAL NAME
9 (RLIN) 23660
942 ## - ADDED ENTRY ELEMENTS (KOHA)
Source of classification or shelving scheme Dewey Decimal Classification
Item type Hindi Books
Classification part 181.4
Call number suffix परमा
Holdings
Withdrawn status Lost status Not for loan Collection code Home library Current library Date acquired Cost, normal purchase price Full call number Barcode Cost, replacement price Koha item type
      Non-fiction Sarojini Nagar Sarojini Nagar 11/02/2012 200.00 181.4 परमा B-66090 200.00 Hindi Books

© Delhi Public Library
Hit Counter
free hit counter